| 000 | 00661cam a2200229ua 4500 | ||
|---|---|---|---|
| 001 | 6838 | ||
| 008 | 140311n ii |||gr||||Z||||||eng | ||
| 020 | _a81-7096-807-0 | ||
| 040 | _cMAIN | ||
| 082 | _a651 | ||
| 245 |
_aBusiness organisation and commercial practice _cBy S.S Sarkar |
||
| 250 |
_a1st ed. / _bFor class XI. |
||
| 260 |
_aLudhiana: _bKalyani publishers, _c1997. |
||
| 300 | _ax,441p. | ||
| 653 | _aOffice services | ||
| 653 | _aBusiness organisation and commercial practice | ||
| 700 |
_aSarkar,S.S., _eAuthor., |
||
| 700 |
_aSharma,R.K., _eAuthor. |
||
| 700 |
_aGupta,Shashi K., _eAuthor. |
||
| 700 |
_aNayyar,Sushil, _eAuthor. |
||
| 942 | _cBK | ||
| 999 |
_c5986 _d5986 |
||